Návrh paletizačného robotizovaného pracoviska v programe Process Simulate

Salvato in:
Dettagli Bibliografici
Autore principale: Indrišek, Adrián (Autore)
Altri autori: Bočák, Róbert (Relatore della tesi)
Natura: Manoscritto Libro
Lingua:slovacco
Pubblicazione: 2021
Soggetti:
Accesso online:http://is.stuba.sk/zp/portal_zp.pl?podrobnosti=148256
Tags: Aggiungi Tag
Nessun Tag, puoi essere il primo ad aggiungerne!!

MARC

LEADER 00000ntm a22000003a 4500
001 stuzp83960
003 SK-STU
005 20210703212408.7
007 ta
008 150427s2015----xo-----f-mn---000-0-slo-d
040 |a STU  |b slo 
041 0 |a slo 
100 1 |a Indrišek, Adrián  |u 063000  |4 aut  |U MTF Materiálovotechnologická fakulta  |T MTF Ústav výrobných technológií  |X 96766  |U M3000  |Y 83  |7 96766 
242 0 1 |a Design of a palletizing robotized workplace in program Process Simulate  |y eng 
245 1 0 |a Návrh paletizačného robotizovaného pracoviska v programe Process Simulate 
260 |c 2021 
650 4 |a Robot  |2 slo 
650 4 |a Simulácia  |2 slo 
650 4 |a CAD  |2 slo 
650 4 |a Process Simulate  |2 slo 
650 4 |a Paletizácia  |2 slo 
650 4 |a Robot  |2 eng 
650 4 |a Palletizing  |2 eng 
650 4 |a Simulation  |2 eng 
650 4 |a CAD  |2 eng 
650 4 |a Process Simulate  |2 eng 
700 1 |a Bočák, Róbert  |u 063000  |k Z3  |4 ths  |U MTF Materiálovotechnologická fakulta  |T MTF Ústav výrobných technológií  |X 47088  |U M3000  |Y 83  |7 47088 
856 4 |u http://is.stuba.sk/zp/portal_zp.pl?podrobnosti=148256 
996 |c M* BP-9089  |l MMSKP  |s P  |a 0  |w stuzp83960_0001